Normal view
MARC view
- Microwave antennas
Entry Topical Term
001 - CONTROL NUMBER
- control field: 55703
003 - CONTROL NUMBER IDENTIFIER
- control field: NUST
005 - DATE AND TIME OF LATEST TRANSACTION
- control field: 20210628201532.0
008 - FIXED-LENGTH DATA ELEMENTS
- fixed length control field: 210628|| aca||aabn | a|a d
040 ## - CATALOGING SOURCE
- Original cataloging agency: NUST
- Transcribing agency: NUST
150 ## - HEADING--TOPICAL TERM
- Topical term or geographic name entry element: Microwave antennas
670 ## - SOURCE DATA FOUND
- Source citation: Work cat.: (NUST): Chang, Kai, 1948- 55702, Microwave ring circuits and related structures /, c2004.
